| 000 | 00456nam a2200157Ia 4500 | ||
|---|---|---|---|
| 003 | GCL | ||
| 008 | 140319s9999 xx 000 0 ara d | ||
| 040 |
_aGCL / _cGCL |
||
| 082 | 0 | 4 |
_a813.03 _bا ح |
| 100 | 1 | _aادوار الخراط | |
| 245 | 1 | 0 |
_aحجارة بوبيللو / _cادوار الخراط |
| 490 |
_aشرقيات _v0 |
||
| 650 | 0 | 4 | _aالقصص العربية |
| 650 | 0 | 4 | _aالادب العربى - العصر الحديث |
| 942 |
_2ddc _cBK |
||
| 999 |
_c39719 _d39719 |
||